000 00324pam a2200157a 44500
008 230515b1940 xxu||||| |||| 00| 0 eng d
020 _aNULL
041 _aHINDI
082 _a1
100 _aDATAR V
245 _aTDITIVRTTAM
250 _a1
260 _aSANGAI
_bN.D.
_c1940
300 _a100
650 _aTDITIVRTTAM
999 _c497001
_d497001